Les 12 coups de midi | Coup fatal #2 - Statistiques

Statistiques générales
  • Ce quiz a été pris 1 019 fois
  • Le résultat moyen est 5 sur 15
Statistiques - réponses
Questions Réponses % Correct
Quel pays a mis en place le programme spatial Apollo ? Etats-unis
93%
Quelle est l'abréviation du mot "pseudonyme" ? pseudo
84%
En informatique, comment appelle-t-on l'action de cliquer deux fois de suite ? double clic
63%
A quelle saison avance-t-on nos pendules d'une heure ? printemps
55%
Quelle arme ne quitte pas Negan, le méchant de "The Walking Dead" ? batte
50%
Quel nageur a remporté le plus de médailles d'or durant une édition des JO ? Michael Phelps
49%
Quel diplôme a donné son nom à un jeu consistant à trouver des mots commençant par une même lettre ? baccalauréat
26%
De quel pays européen a été posté une lettre dont le timbre porte la mention "Suomi" ? Finlande
25%
Dans un tube des Rita Mistouko, à qui Catherine Ringer dit-elle "Tu viens chez moi, ou alors on va chez toi ?" ? Andy
11%
Qui a peint "Autoportrait au collier d'épines et colibri" ? Frida Kahlo
4%
Quel monstre effroyable est le père du chien Cerbère ? Typhon
3%
Dans quelle pièce de Racine croise-t-on l'empereur Néron ? Britannicus
2%
Quel ancien élève de la "Star Academy" slame sur son titre "Tous les matins" ? Victorien
2%
Quel chanteur ex-champion de karaté est surnommé le "Pavarotti de la street" ? Naestro
0%
Qui a réalisé "La Vache et le Prisonnier", avec Fernandel ? Henri Verneuil
0%
Aucun quiz correspondant
Distribution des résultats
% des personnes avec chaque résultat
Percentile par nombre de réponses
Votre historique - résultats
Vous n’avez pas pris ce quiz